MARC
| LEADER | 00000cam a2200000 7i4500 | ||
|---|---|---|---|
| 001 | 0000004152 | ||
| 002 | 000004467 | ||
| 005 | 20000330.0 | ||
| 020 | |a 983621805X | ||
| 090 | 0 | 0 | |a 297.1227 |b SUB |
| 100 | 0 | |a Subhi Salih | |
| 245 | 1 | 0 | |a Kajian al-Quran |c Subhi Salih ; diterjemahkan olehZainal Abidin Kadin |
| 260 | |a Kuala Lumpur : |b DBP , |c 1991 | ||
| 300 | |a 500 p. ; |c 22 cm. | ||
| 650 | 0 | 0 | |a Quran |
| 700 | 0 | |a Zainal Abidin Abdul Kadin |f trausl | |
| 999 | |a 028114 |b BUKU |c PINJAMAN |e PERPUSTAKAAN KOMUNITI PETALING JAYA | ||